000 00510nam a2200181Ia 4500
999 _c29325
_d29325
003 OSt
005 20201130121355.0
008 190216s9999||||xx |||||||||||||| ||und||
020 _a9788126402403
040 _coclc
082 _a894.8123
_bBAS/P
100 _aBasheer, Vaikom Muhammad
_97034
245 0 _aPrem Patta /
_cVaikom Muhammad Basheer
260 _bDc Books,
_aKottayam:
_c2008.
300 _a112p
650 _aNovel
942 _cBK
_2ddc
_h894.8123
_iBAS/P
_k894.8123
_mBAS/P